Online
Catalog

Introducción a la medicina naturista : (Record no. 22277)

MARC details
000 -CABECERA
campo de control de longitud fija 00960nam a2200265 a 4500
001 - NÚMERO DE CONTROL
campo de control 000022780
005 - FECHA Y HORA DE LA ÚLTIMA TRANSACCIÓN
campo de control 20200930021807.0
008 - DATOS DE LONGITUD FIJA--INFORMACIÓN GENERAL
campo de control de longitud fija 101118s1998 sp 001 0 spa d
020 ## - NÚMERO INTERNACIONAL ESTÁNDAR DEL LIBRO
Número Internacional Estándar del Libro 8449306051
040 ## - FUENTE DE LA CATALOGACIÓN
Centro catalogador/agencia de origen DO-SdBNP
Lengua de catalogación spa
Centro/agencia transcriptor BNPHU
082 ## - NÚMERO DE LA CLASIFICACIÓN DECIMAL DEWEY
Número de clasificación 615.535
Número de documento/Ítem B931i
049 ## - FONDOS LOCALES (OCLC)
Fondos de biblioteca BNGR
100 1# - ENTRADA PRINCIPAL--NOMBRE DE PERSONA
Nombre de persona Bühring, Malte
9 (RLIN) 46803
245 10 - MENCIÓN DE TÍTULO
Título Introducción a la medicina naturista :
Resto del título las bases científicas de las terapias naturales /
Mención de responsabilidad, etc. Malte Bühring y Pablo Saz ; traducción Ursula Seibert.
260 ## - PUBLICACIÓN, DISTRIBUCIÓN, ETC.
Lugar de publicación, distribución, etc. Barcelon :
Nombre del editor, distribuidor, etc. Paidós,
Fecha de publicación, distribución, etc. 1998.
300 ## - DESCRIPCIÓN FÍSICA
Extensión 161 p. ;
Dimensiones 23 cm.
490 1# - MENCIÓN DE SERIE
Mención de serie Cuerpo y salud
Designación de volumen o secuencia 35
500 ## - NOTA GENERAL
Nota general Incluye notas al pie de las páginas
500 ## - NOTA GENERAL
Nota general Incluye índice analítico y de nombres
500 ## - NOTA GENERAL
Nota general Incluye datos biográficos de los autores en la solapa de la contracubierta
504 ## - NOTA DE BIBLIOGRAFÍA, ETC.
Nota de bibliografía, etc. Bibliografía : p. 153-158
700 12 - PUNTO DE ACCESO ADICIONAL--NOMBRE DE PERSONA
Nombre de persona Pablo Saz
9 (RLIN) 46804
830 #0 - PUNTO DE ACCESO ADICIONAL DE SERIE-TÍTULO UNIFORME
Título uniforme Cuerpo y salud
Número de parte o sección de la obra 35
9 (RLIN) 46805
910 ## - DATOS DE OPCIÓN DEL USUARIO (OCLC)
Datos de opción del usuario Validado. Control de calidad MFF
Holdings
Estado de retiro Estado de pérdida Restricciones de uso No para préstamo Código de colección Localización permanente Ubicación/localización actual Ubicación en estantería Fecha de adquisición Número de inventario Total de préstamos Signatura topográfica completa Código de barras Fecha visto por última vez Precio válido a partir de Tipo de ítem Koha
      Excluido de préstamo Monografías: Libros y Folletos General General Depósito 18.11.2010 LF1   615.535 B931i 22780-10 25.06.2020 25.06.2020 No se presta

Powered by Koha